| 000 | 00937nam a2200265 a 4500 | ||
|---|---|---|---|
| 001 | BRL_1248 | ||
| 005 | 20190320211117.0 | ||
| 008 | 051213s1966----u--ab#####---#000-0#eng-# | ||
| 041 | _aeng | ||
| 044 | _au | ||
| 050 | 4 |
_aF1219.1.O11 _b.P33 1966 |
|
| 100 | 1 |
_aPaddock, John _926273 |
|
| 245 | 1 | 0 |
_aAncient Oaxaca _bDiscoveries in Mexican Archeology and History _cEdited by John Paddock, With contributions by Ignacio Bernal...[el al.] |
| 260 |
_aStanford, California _bStanford University Press _c1966 |
||
| 300 |
_axv, 416 p. _bil. (algunas a color), mapas _c26 cm. |
||
| 500 | _aAu1443 | ||
| 500 | _aEstado físico: Camisa desgarrada. | ||
| 504 | _aBibliografía: p. 387-410 | ||
| 650 | 1 | 4 |
_aIndígenas de México _xAntigüedades _zOaxaca (México) _925284 |
| 651 | 4 |
_aOaxaca (México) _xHistoria _926274 |
|
| 651 | 4 |
_aOaxaca (México) _xAntigüedades _923825 |
|
| 700 | 1 |
_aBernal, Ignacio _9778 |
|
| 902 | _aGRL | ||
| 942 |
_2lcc _cB |
||
| 999 |
_c10060 _d10060 |
||